书目信息 |
| 题名: |
酒店建筑
|
|
| 作者: | 鄢格 编/译 | |
| 分册: | ||
| 出版信息: | 沈阳 辽宁科学技术出版社 2011.05 |
|
| 页数: | 271页 | |
| 开本: | 30cm | |
| 丛书名: | ||
| 单 册: | ||
| 中图分类: | TU247.4 | |
| 科图分类: | ||
| 主题词: | 饭店--fan dian--建筑设计--世界--图集 | |
| 电子资源: | ||
| ISBN: | 978-7-5381-6921-8 | |
| 000 | 00828nam0 2200241 450 | |
| 001 | 1133394385 | |
| 005 | 20120218130502.37 | |
| 010 | @a978-7-5381-6921-8@b精装@dCNY268.00@z7-5381-6921-0 | |
| 100 | @a20110720d2011 em y0chiy50 ea | |
| 101 | 2 | @achi@aeng |
| 102 | @aCN@b210000 | |
| 105 | @aa z 001yy | |
| 200 | 1 | @a酒店建筑@Ajiu dian jian zhu@d= Hotel architecture@f鄢格编/译@zeng |
| 210 | @a沈阳@c辽宁科学技术出版社@d2011.05 | |
| 215 | @a271页@c彩图@d30cm | |
| 320 | @a有索引 | |
| 330 | @a本书分度假、品牌、环保、精品、奢华五部分, 主要内容包括: 博卡·奇卡酒店 ; 卡丽斯塔奢华度假酒店 ; 日光花园酒店 ; 阿尔蒂斯酒店等。 | |
| 510 | 1 | @aHotel architecture@zeng |
| 606 | 0 | @a饭店@Afan dian@x建筑设计@y世界@j图集 |
| 690 | @aTU247.4@v4 | |
| 701 | 0 | @a鄢格@Ayan ge@4编/译 |
| 801 | 0 | @aCN@c20110720 |
| 905 | @dTU247.4@eY034 | |
| 酒店建筑= Hotel architecture/鄢格编/译.-沈阳:辽宁科学技术出版社,2011.05 |
| 271页:彩图;30cm |
| ISBN 978-7-5381-6921-8(精装):CNY268.00 |
| 本书分度假、品牌、环保、精品、奢华五部分, 主要内容包括: 博卡·奇卡酒店 ; 卡丽斯塔奢华度假酒店 ; 日光花园酒店 ; 阿尔蒂斯酒店等。 |
| ● |
| 相关链接 |
|
|
|
正题名:酒店建筑
索取号:TU247.4/Y034
 
预约/预借
| 序号 | 登录号 | 条形码 | 馆藏地/架位号 | 状态 | 备注 |
| 1 | 1220507 | 212205077 | 建筑库101/101建筑库 70排4列3层/ [索取号:TU247.4/Y034] | 在馆 | |
| 2 | 1220508 | 212205086 | 建筑库101/101建筑库 70排4列3层/ [索取号:TU247.4/Y034] | 在馆 | |
| 3 | 483716 | 204837169 | 建筑库101/101建筑库 70排4列3层/ [索取号:TU247.4/Y034] | 在馆 |